000 00210nam a2200097Ia 4500
008 240625s9999 xx 000 0 und d
041 _aeng
100 _aJAFFE EUGENE D
245 _aBARRON S GMAT
260 _c2013
999 _c34964
_d34964